| 000 | 00891cam a2200253 a 4500 | ||
|---|---|---|---|
| 001 | 000014515 | ||
| 005 | 20200929163849.0 | ||
| 008 | 851218s1985 mx b 000 0 spa | ||
| 020 | _a9687250062 | ||
| 040 |
_aDO-SdBNP _bspa _cDLC _dBNPHU |
||
| 082 |
_a972.85 _bC787n |
||
| 100 | 1 |
_aCoraggio, José Luis. _d1938- _932808 |
|
| 245 | 1 | 0 |
_aNicaragua : _brevolución y democracia / _cJosé Luis Coraggio. |
| 260 |
_aMéxico : _bLínea, _c1985. |
||
| 300 |
_a120 p. ; _c20 cm. |
||
| 490 | 1 | _aPrimera línea | |
| 504 | _aIncluye referencias bibliográficas. | ||
| 651 | 4 |
_aNicaragua _xPolítica Y Gobierno _y1979-1990 _98915 |
|
| 651 | 4 |
_aNicaragua _xHistoria _xRevolucion Popular Sandinista _y1979-1988 _932809 |
|
| 710 | 2 |
_aInstituto nicaragüense de Investigaciones económicas y sociales _932810 |
|
| 830 | 0 |
_aPrimera línea. _932811 |
|
| 910 | _aCatalogación por copia / LC | ||
| 049 | _aBNGR | ||
| 999 |
_c14104 _d14104 |
||